Manual del cosechero de vinos o nuevo método de hacer el vino más fuerte y licoroso y de mayor duración / (Record no. 160694)

MARC details
000 -LEADER
campo de control de longitud fija 01129nam a2200241 i 4500
001 - NÚMERO DE CONTROL
campo de control 160694
003 - IDENTIFICADOR DE NÚMERO DE CONTROL
campo de control ES-MaACL
005 - FECHA Y HORA DE LA ÚLTIMA TRANSACCIÓN
campo de control 20230906212117.0
008 - DATOS DE LONGITUD FIJA--INFORMACIÓN GENERAL
campo de control de longitud fija 021126s1854 sp |||| | spa d
080 ## - NÚMERO DE LA CLASIFICACIÓN DECIMAL UNIVERSAL
Número de la Clasificación Decimal Universal 634.8
080 ## - NÚMERO DE LA CLASIFICACIÓN DECIMAL UNIVERSAL
Número de la Clasificación Decimal Universal 663.25
100 1# - ENTRADA PRINCIPAL--NOMBRE DE PERSONA
Nombre de persona Nieva, José María de.
9 (RLIN) 130489
245 10 - MENCIÓN DEL TÍTULO
Título Manual del cosechero de vinos o nuevo método de hacer el vino más fuerte y licoroso y de mayor duración /
Mención de responsabilidad, etc. por José María de Nieva.
250 ## - MENCION DE EDICION
Mención de edición Ed. 4ª considerablemente aum. con una reseña sobre el cultivo de la vid, y la descripción de varias castas de uvas.
260 ## - PUBLICACIÓN, DISTRIBUCIÓN, ETC.
Lugar de publicación, distribución, etc. Madrid :
Nombre del editor, distribuidor, etc. [s.n.],
Fecha de publicación, distribución, etc. 1854 (
Fabricante Imp. de Norberto Llorenci)
300 ## - DESCRIPCIÓN FÍSICA
Extensión VIII, 75, 48 p., [2] h. de lám. ;
Dimensiones 16 cm.
530 ## - NOTA DISPONIBLE DE FORMULARIO FÍSICO ADICIONAL
Nota de formato físico adicional disponible Disponible en formato digital.
650 #4 - PUNTO DE ACCESO ADICIONAL DE MATERIA--TÉRMINO DE MATERIA
Término de materia o nombre geográfico como elemento de entrada Viticultura.
9 (RLIN) 136993
650 #4 - PUNTO DE ACCESO ADICIONAL DE MATERIA--TÉRMINO DE MATERIA
Término de materia o nombre geográfico como elemento de entrada Vinificación.
9 (RLIN) 156738
852 4# - LOCALIZACIÓN
Ubicación ES-MaACL
Número de control de estantería T-38-F-3
Nota libre - Enc. hol., falto de cub. original
-- - Enc. en un vol. facticio
852 4# - LOCALIZACIÓN
Ubicación ES-MaACL
Número de control de estantería T-645-F-1
Nota libre - Enc. hol., conservando cub. original
-- - Enc. en un vol. facticio
856 4# - LOCALIZACIÓN Y ACCESO ELECTRÓNICOS
Identificador Uniforme de Recursos <a href="http://bdh-rd.bne.es/viewer.vm?id=0000119172&page=1 ">http://bdh-rd.bne.es/viewer.vm?id=0000119172&page=1 </a>
Nota pública Biblioteca Digital Hispánica
Holdings
Estatus retirado Estado de pérdida Estado de daño No para préstamo Colección Biblioteca de origen Biblioteca actual Ubicación en estantería Fecha de adquisición Total de préstamos Signatura topográfica completa Código de barras Visto por última vez Precio de reemplazo Tipo de ítem Koha
        Colección de folletos Biblioteca del Ateneo de Madrid Biblioteca del Ateneo de Madrid Depósito folletos 17/01/2008   T-645-F-1 1168275 23/02/2023 23/02/2023 Folleto
        Colección de folletos Biblioteca del Ateneo de Madrid Biblioteca del Ateneo de Madrid Depósito folletos 17/01/2008   T-38-F-3 1168274 23/02/2023 23/02/2023 Folleto